Gerardo Rueda (Record no. 16267)

MARC details
000 - LÍDER
campo de control de longitud fija 00693nam a2200193Ia 4500
008 - ELEMENTOS DE DATOS DE LONGITUD FIJA - INFORMACIÓN GENERAL
campo de control de longitud fija 0000001985 sp a 0000000000spa00
090 ## - NÚMERO DE LLAMADA DE TIPO LC LOCALMENTE ASIGNADO (OCLC)
Número de clasificación (OCLC) (R) PSP00 P11g
100 1# - ENTRADA PRINCIPAL - NOMBRE PERSONAL
Nombre de la persona Pablo, Luis de
245 10 - TÍTULO DECLARACIÓN
Título Gerardo Rueda
Declaración de responsabilidad / textos de Pablo de Luis
260 ## - PUBLICACIÓN, DISTRIBUCIÓN
Lugar de publicación Madrid : Galeria Theo
Fecha de publicación 1985
300 ## - DESCRIPCIÓN FÍSICA
Alcance [40] p.
Dimensiones / 19 cm.
500 ## - NOTA GENERAL
Nota general Exposición realizada en la Galería Theo de Madrid, España, en 1985 \ Incluye datos biográficos y cronología artística
600 00 - ENTRADA DE SUJETO AÑADIDO - NOMBRE PERSONAL
Nombre de la persona RUEDA, GERARDO, 1926/
Subdivisión general TRABAJOS PICTORICOS
650 14 - ENTRADA DE SUJETO AÑADIDO - TÉRMINO TÓPICO
Término tópico o elemento de entrada del nombre geográfico PINTURA ESPAÑOLA
650 14 - ENTRADA DE SUJETO AÑADIDO - TÉRMINO TÓPICO
Término tópico o elemento de entrada del nombre geográfico ARTE CONTEMPORANEO ESPAÑOL
650 14 - ENTRADA DE SUJETO AÑADIDO - TÉRMINO TÓPICO
Subdivisión general CATALOGOS
650 14 - ENTRADA DE SUJETO AÑADIDO - TÉRMINO TÓPICO
Subdivisión general EXPOSICIONES
650 14 - ENTRADA DE SUJETO AÑADIDO - TÉRMINO TÓPICO
Término tópico o elemento de entrada del nombre geográfico PINTORES ESPAÑOLES
Holdings
Estado de retirada Pérdida de estatus Estado dañado No para préstamo Código de recogida Ubicación permanente Ubicación actual Ubicación de las estanterías Fecha de adquisición Número de llamada completo Código de barras Fecha de la última vez que se vio Número de copia Precio efectivo desde Tipo de artículo Koha
        General ArtNexus ArtNexus General 06/09/2022 P-SP-00 P11G 16952 06/09/2022 Ej.1 06/09/2022 Libro

Powered by Koha